Name the chosen seven in Percy Jackson by Picture - Statistics

General Stats
  • This quiz has been taken 422 times
  • The average score is 6 of 7
Answer Stats
Picture Answer % Correct
Percy
99%
Annabeth
95%
Leo
81%
Jason
76%
Piper
71%
Frank
65%
Hazel
64%
No matching quizzes found
Score Distribution
Percent of People with Each Score
Percentile by Number Answered
Your Score History
You have not taken this quiz